Quiz « La groupie du pianiste » - Statistiques

Statistiques générales
  • Ce quiz a été pris 110 fois
  • Le résultat moyen est 44 sur 57
Statistiques - réponses
Paroles Paroles % Correct
__ groupie du pianiste la
100%
La groupie __ pianiste du
99%
La _______ du pianiste groupie
99%
La _______ du pianiste groupie
99%
__ _______ du pianiste la groupie
98%
La groupie du ________ pianiste
96%
La groupie du ________ pianiste
96%
À part rêver seule ____ ___ ___ dans son lit
94%
Et elle y pense ____ ___ ___ dans son lit
94%
_____ l’aime, elle l’adore elle
94%
La groupie __ _________ du pianiste
93%
__ _______ __ pianiste la groupie du
93%
Et toute sa vie ____ ___ _____ _____ c’est pas grand chose
91%
Le soir entre ___ _____ roses ses draps
91%
À gâcher __ ___ ______ son bel avenir
91%
Plus que tout elle _______ l’aime
90%
_____ ______, elle l’adore elle l’aime
88%
C’est beau comme ____ ______ elle l’aime
88%
Plus que ____ elle l’aime tout
87%
Qu’est-ce qu’elle _______ ____ __ faire aurait bien pu
86%
Elle l’aime, _____ _______ elle l’adore
86%
__ ___ entre ses draps roses le soir
86%
Amoureuse ___ _________ d’un égoïste
85%
Elle fout toute sa vie __ _____ en l’air
85%
Elle ____ ____ __ ___ en l’air fout toute sa vie
85%
_____ ____ comme elle l’aime c’est beau
84%
C’est beau ______ elle l’aime comme
84%
À part rêver _____ dans son lit seule
84%
Elle ______, ____ l’adore l’aime elle
82%
C’est ____ comme elle l’aime beau
81%
_____ ___ comme elle l’aime c’est fou
81%
Le soir entre ses _____ _____ draps roses
80%
Elle le suivrait ________ __ _____ jusqu’en enfer
80%
Et _____ __ vie c’est pas grand chose toute sa
79%
Elle passe sa vie _ __________ à l’attendre
78%
Qu’est-ce qu’elle aurait ____ __ _____ bien pu faire
78%
Pour __ ___ pour un geste tendre un mot
78%
__________ d’un égoïste amoureuse
76%
C’est ___ _______ elle l’aime fou comme
76%
Elle passe ses nuit__ _____ sans dormir
74%
Dieu __ ____ _____ a l’air triste que cette fille
73%
____ _____ __ la vie d’artiste elle rêve de
72%
À coté d’être seule ___ _____ sur terre
72%
__ ____ _______ c’est pas grand chose et même l’enfer
70%
Il a ___ ______ sur son sourire des droits
69%
Mais ____ que cette fille prend des risques dieu
69%
Devant l’hôtel dans ___ ________ les coulisses
68%
Elle a des droits sur ___ ______ ses désirs
67%
Pendant que lui ____ ses délires joue
56%
Passer __ _____ __ sa vie le reste de
51%
Quand __ _______ ___ _______ le concert est terminé
46%
__ ______ qu’il va l’emmener en rêvant
40%
Elle sait ______ __ sans rien dire rester là
39%
Elle ___ ___ _____ sur le clavier met ses mains
37%
Tout __________ à l’écouter simplement
35%
Elle sait ________ _______ ________ oublier qu’elle existe
28%
Elle sait _________ __ ________ comprendre sa musique
17%
Aucun quiz correspondant
Distribution des résultats
% des personnes avec chaque résultat
Percentile par nombre de réponses
Votre historique - résultats
Vous n’avez pas pris ce quiz